Процессы синтеза и измельчения сверхвысокомолекулярных полимеров высших α-олефинов и аппараты для их реализации: автореферат диссертации на соискание ученой степени кандидата технических наук; спец. 05.17.08

Dettagli Bibliografici
Autore principale: Коновалов К. Б. Константин Борисович
Ente Autore: Национальный исследовательский Томский политехнический университет (ТПУ)
Altri autori: Несын Г. В. Георгий Викторович (научный руководитель)
Riassunto:Защита сост. 23.04.2013 г.
Lingua:russo
Pubblicazione: Томск, 2013
Soggetti:
Natura: Libro
KOHA link:https://koha.lib.tpu.ru/cgi-bin/koha/opac-detail.pl?biblionumber=236604

MARC

LEADER 00000nam0a2200000 4500
001 236604
005 20231101231501.0
035 |a (RuTPU)RU\TPU\book\257770 
090 |a 236604 
100 |a 20130425d2013 k y0rusy50 ca 
101 0 |a rus 
102 |a RU 
105 |a a dm 001zy 
200 1 |a Процессы синтеза и измельчения сверхвысокомолекулярных полимеров высших α-олефинов и аппараты для их реализации  |e автореферат диссертации на соискание ученой степени кандидата технических наук  |e спец. 05.17.08  |f К. Б. Коновалов  |g Национальный исследовательский Томский политехнический университет (ТПУ) ; науч. рук. Г. В. Несын 
210 |a Томск  |d 2013 
215 |a 20 с.  |c ил. 
300 |a Защита сост. 23.04.2013 г. 
320 |a Библиогр.: с. 19-20 (13 назв.). 
452 1 |0 (RuTPU)RU\TPU\book\255787  |t Процессы синтеза и измельчения сверхвысокомолекулярных полимеров высших α-олефинов и аппараты для их реализации  |o автореферат диссертации на соискание ученой степени кандидата технических наук  |o спец. 05.17.08  |f К. Б. Коновалов  |g Национальный исследовательский Томский политехнический университет (ТПУ) ; науч. рук. Г. В. Несын  |c Томск  |d 2013  |a Коновалов, Константин Борисович 
606 1 |a Присадки  |x Нефтехимические продукты  |2 stltpush  |3 (RuTPU)RU\TPU\subj\34278  |9 56268 
610 1 |a антитурбулентные присадки 
610 1 |a эффект Томса 
610 1 |a нефть 
610 1 |a трубопроводный транспорт 
610 1 |a гидродинамическое сопротивление 
610 1 |a полимеры 
610 1 |a сополимеры 
610 1 |a высшие олефины 
610 1 |a синтез 
610 1 |a измельчение 
610 1 |a получение 
610 1 |a процессы 
610 1 |a аппараты 
610 1 |a авторефераты диссертаций 
610 1 |a труды учёных ТПУ 
675 |a 665.71.03(04)  |v 3 
686 |a 05.17.08  |2 oksvnk 
700 1 |a Коновалов  |b К. Б.  |c химик  |c инженер Томского политехнического университета, ассистент  |f 1985-  |g Константин Борисович  |2 stltpush  |3 (RuTPU)RU\TPU\pers\25674 
702 1 |a Несын  |b Г. В.  |c химик-технолог  |c профессор Томского политехнического университета, доктор технических наук  |f 1954-  |g Георгий Викторович  |2 stltpush  |3 (RuTPU)RU\TPU\pers\25682  |4 727 
712 0 2 |a Национальный исследовательский Томский политехнический университет (ТПУ)  |c (2009- )  |2 stltpush  |3 (RuTPU)RU\TPU\col\15902 
801 1 |a RU  |b 63413507  |c 20130425 
801 2 |a RU  |b 63413507  |c 20130605  |g RCR 
942 |c BK